000 00337nam a2200133Ia 4500
008 240624s9999 xx 000 0 und d
041 _aeng
082 _a330 BOW
100 _aBOWLES SAMUEL
245 _aMORAL ECONOMY WHY GOOD INCENTIVES ARE NO
260 _c2016
_aLondon
_bYale University Press
300 _a288 : p.
365 _c
_b30
999 _c28616
_d28616